01019nam a2200241 a 4500001001000000003000500010005001700015008004100032010001100073011001100084040000900095100003600104245019800140260004100338500006000379502011200439650003000551650002400581650003400605650003400639700003400673856007000707000109003CHAP20230529131235.0140327s2013 mx sm |||||||spa d a105465 a106437 cCHAP1 aGalicia Rojano, Olga Jacqueline10aPerfil sociodemográfico del consumidor de ensaladas frescas preparadas en Texcoco de Mora, Estado de Méxicoh[En línea]cpor Olga Jacqueline Galicia Rojano y Olga Jazmín Galicia Rojano. aChapingo, Méx. :bEl autor,c2013. aPara ver el contenido del material haga clic en la liga aTesis (Ing. Agr. Esp. en Economía Agrícola) -- UACH. División de Ciencias Económico Administrativas17aConsumidores (personas)214aFrutas y legumbres.14aHorticulturaxMéxico (Edo.)14aLegumbresxConsumoxMéxico.1 aGalicia Rojano, Olga Jazmín aFinding aiduhttp://10.13.5.2/tesis/sist109003.pdfzTeclea aquí